| 000 | 00588nam a2200169 a 4500 | ||
|---|---|---|---|
| 001 | 000044412 | ||
| 005 | 20201002045345.0 | ||
| 008 | 140630s2006 dr a 000 0 spa d | ||
| 020 | _a8575960474 | ||
| 040 |
_aDO-SdBNP _bspa _cBNPHU |
||
| 245 | 0 | 0 | _aNegócios sociais sustentáveis : estratágias inovadoras para o desenvolvimento social. |
| 260 |
_aSao Paulo : _bPeirópolis, _c2006. |
||
| 300 |
_a101 p. : _bil. ; _c26 cm. |
||
| 504 | _aIncluye referencias bibliográficas y notas al pie de las páginas | ||
| 700 | 1 | 2 |
_aAshoka (Fellowship) _972425 |
| 700 | 1 | 2 |
_aMcKinsey and Company. _972426 |
| 999 |
_c43901 _d43901 |
||